00622nam a22001697a 4500003000900000008004100009040007100050082002500121110004000146245008900186260005400275300006000329650001000389650001300399650001200412700002800424AR-CdUCM190411b ||||| |||| 00| 0 spa d aMUNICIPALIDAD PROVINCIAL DEL CUSCOcBIBLIOTECA MUNICIPAL DEL CUSCO aES / 373.985 /bSA26 aMunicipalidad provincial de yunguyo aSarnaqawisa " nuestro caminar " asi somos los aymaras :bKhapía mitos y leyendas / aYunguyo :bBiblioteca nacional del Perú,c2008. a99 paginas ;bIlustraciones, Graficos, Dibujos,c20 cm. aMitos aLeyendas aYunguyo aMamani Condori, William